| 000 | 00725cam a2200181 i 4500 | ||
|---|---|---|---|
| 005 | 20251222115613.0 | ||
| 008 | 250721s1992 ku gr 000 0 ara d | ||
| 082 | 1 | 4 |
_a218,51 _bج ا س |
| 100 | 1 |
_aالمطوع، جاسم بن محمد بن بدر _eمؤلف. |
|
| 245 | 1 | 2 |
_aالوقت عمار أو دمار / _cجاسم محمد بدر المطوع. |
| 250 | _aالطبعة الثالثة. | ||
| 264 | 3 | 1 |
_aالكويت : _bدار الدعوة للنشر والتوزيع، _c1992. |
| 264 | 3 | 1 |
_aالمنصورة : _bدار الوفاء للطباعة والنشر والتوزيع، _c1992. |
| 300 | _aالجزء الثاني. | ||
| 650 | 1 | 7 | _aالوعظ والإرشاد. |
| 942 |
_2ddc _cBK |
||
| 999 |
_c4326 _d4326 |
||